Pôsobenie financií v hospodárskych organizáciach čs. stavebníctva a ich základné črty v procese prestavby hospodárskeho mechanizmu podnikov stavebnej výroby kandidátska dizertačná práca

Saved in:
Bibliographic Details
Main Author: Varoščák, Ján
Corporate Author: Vysoká škola ekonomická v Bratislave. Národohospodárska fakulta
Other Authors: Vlachynský, Karol
Format: Book
Language:Slovak
Published: Bratislava 1989
Tags: Add Tag
No Tags, Be the first to tag this record!

MARC

LEADER 00000nam a2200000 4500
001 c038118
005 20230116121608.1
041 0 |a slo 
044 |a SK 
245 1 0 |a Pôsobenie financií v hospodárskych organizáciach čs. stavebníctva a ich základné črty v procese prestavby hospodárskeho mechanizmu podnikov stavebnej výroby  |b kandidátska dizertačná práca  |c Ján Varoščák ; Ved. práce Karol Vlachynský 
264 1 |a Bratislava  |c 1989 
300 |a 188 s. 
100 1 |a Varoščák, Ján 
700 1 |a Vlachynský, Karol 
710 2 |a Vysoká škola ekonomická v Bratislave. Národohospodárska fakulta